000 00635nam a22002172 4500
001 0000025482
005 20151217154549.0
008 151001s xx 000 0 eng d
020 _a0199552191 :
040 _aKABU
_cKABU
100 1 _aSimmonds, N. E.
_@0000179639
245 1 0 _aLaw as a moral idea /
_cN.E. Simmonds.
260 _aOxford :
_bOUP,
_c2007.
300 _a209 p.
650 0 _aLaw and ethics.
_@0000156375
650 0 _aLaw
_xmoral and ethical aspects.
_@0000183476
650 0 _aJurisprudence.
_@0000153282
852 1 _9p9500 KES
908 _a151001
950 _@1
999 _c11742
_d11742